000 00381nam a2200181 a 4500
001 1756624039950
003 ACL
005 20250831124003.0
008 250831s1996##################000#0#eng##
020 _a9780262560870
082 0 4 _a770
_bGRO
245 1 0 _aSee :
260 _c1996.
300 _a324 pages
650 0 _aArt.
942 _cENGLISH
040 _aACL
_beng
_cACL
999 _c584633
_d584633